Paroles Therapie Taxi - Chula - Statistiques

Statistiques générales
  • Ce quiz a été pris 92 fois
  • Le résultat moyen est 403 sur 523
Statistiques - réponses
% Correct
de
95%
a
93%
à
93%
À
93%
du
93%
la
93%
le
93%
les
93%
chula
91%
des
91%
Et
91%
et
91%
B
88%
je
88%
pas
88%
Pas
88%
Que
88%
que
88%
Tout
88%
tout
88%
dans
86%
J'ai
86%
j'ai
86%
love
86%
Love
86%
magie
86%
ne
86%
soit
86%
tu
86%
ce
84%
opère
84%
quand
84%
te
84%
dernière
81%
me
81%
mon
81%
passera
81%
soirées
81%
sur
81%
Sur
81%
cœur
79%
Mais
79%
mais
79%
notre
79%
On
79%
on
79%
regrets
79%
aventure
77%
comme
77%
refrains
74%
Terre
74%
bars
72%
est
72%
mensonges
72%
Mensonges
72%
radio
72%
sais
72%
séries
72%
au
70%
Avant
70%
avant
70%
beau
70%
c'est
70%
corps
70%
idiots
70%
pour
70%
sois
70%
sombres
70%
t'es
70%
tes
70%
tous
70%
ça
67%
plus
67%
prévenir
67%
chance
65%
contre
65%
coup
65%
l'été
65%
nous
65%
préfère
65%
toi
65%
avec
63%
commence
63%
d'avenir
63%
d'un
63%
jamais
63%
moi
63%
aucune
60%
entre
60%
faux
60%
parlent
60%
tour
60%
veux
60%
viendra
60%
bien
58%
départ
58%
fixée
58%
j'aimerais
58%
moins
58%
rigoler
58%
S'ils
58%
agité
56%
bord
56%
Danser
56%
d'la
56%
l'amour
56%
l'avoir
56%
route
56%
table
56%
toujours
56%
vérité
56%
vu
56%
cru
53%
doux
53%
fait
53%
seule
53%
aurais
51%
Décimer
51%
doute
51%
j'y
49%
m'engager
49%
fais
47%
l'air
47%
après
44%
conne
44%
c'que
44%
j'veux
44%
J'veux
44%
petit
44%
slows
44%
T'en
44%
jeu
42%
sans
42%
sers
42%
crier
40%
fessées
40%
jouir
40%
j'vais
40%
m'attacher
40%
trop
40%
connais
37%
d'accord
37%
encore
37%
qu'on
37%
s'abandonne
37%
dire
35%
j'suis
35%
pouvoir
30%
Juste
28%
Aucun quiz correspondant
Distribution des résultats
% des personnes avec chaque résultat
Percentile par nombre de réponses
Votre historique - résultats
Vous n’avez pas pris ce quiz